00972 a2200217 4500003000500000005001700005010001600022020001500038040000900053082001500062100003000077245006000107260006100167300003200228505015300260650006300413942001200476999001900488952012400507952012300631Nust20230316191730.0 a 88083244 a0155173685 cNust00a629.83,MIR1 aMiron, Douglas B.911048110aDesign of feedback control systems /cDouglas B. Miron. aSan Diego : New yorkbHarcourt Brace Jovanovich,cc1989. ax, 435 p. :bill. ;c25 cm. aPart 1: Fundamentals (Page-1), Part 2: Design of Signal-Input Signal-Output Systems (Page-185), Part 3: Design of Multivariable Systems (Page-285).  0aFeedback control systemsxDesign and construction.9110482 2ddccBK c183940d183940 00102ddc4070aMCSbMCScGENd2016-12-12o629.83,MIRpMCS27429r2016-12-08w2016-12-12yBKzAlmirah No.74, Shelf No.7 00102ddc4070aMCSbMCScGENd2016-12-12o629.83,MIRpMCS5477r2016-12-08w2016-12-12yBKzAlmirah No.74, Shelf No.7